Instandhaltung Weg zur wollen Verfügbarkeit moderner Produktionssysteme

Uložené v:
Podrobná bibliografia
Médium: Kniha
Jazyk:German
Vydavateľské údaje: Berlin Wirtschaft 1989
Vydanie:1. Aufl.
Tagy: Pridať tag
Žiadne tagy, Buďte prvý, kto otaguje tento záznam!

MARC

LEADER 00000nam a2200000 4500
001 c030113
005 20221215124525.4
041 0 |a ger 
044 |a DE 
245 1 0 |a Instandhaltung  |b Weg zur wollen Verfügbarkeit moderner Produktionssysteme 
250 |a 1. Aufl. 
264 1 |a Berlin  |b Wirtschaft  |c 1989 
300 |a 128 s.